1202-銚子電気鉄道の駅 - Statistics

General Stats
  • This quiz has been taken 192 times
  • The average score is 7 of 10
Answer Stats
銚子電気鉄道線 % Correct
銚子
100%
犬吠
92%
外川
87%
本銚子
75%
笠上黒生
70%
海鹿島
69%
仲ノ町
68%
西海鹿島
62%
観音
56%
君ヶ浜
44%
No matching quizzes found
Score Distribution
Percent of People with Each Score
Percentile by Number Answered
Your Score History
You have not taken this quiz